000 00916nam a2200289 a 4500
001 000111338
003 CHAP
005 20220329144207.0
008 150212s1984 mx |r| |||||||spa d
010 _a107800
011 _a108772
020 _a9688390065
040 _cCHAP
090 _aFolleto 10764
100 0 0 _aFernández de Villaseñor, Yolanda.
_940159
245 1 0 _aUso de SAS/GRAPH para producción de mapas de la Repúlica Mexicana /
_cpor Yolanda Fernández de Villaseñor.
260 _aChapingo, Mex. :
_bC.P. Centro de Estadística y cálculo,
_c1984.
300 _a30 p.
490 _aMonografías y manuales en estadística y cómputo
590 _aE5765TAJ
_b05
_c20150212
_lUCH01
_h1153
650 1 4 _aMapas.
_971128
650 1 4 _aSAS (Programación)
_9102675
830 0 _aMonografías y manuales en estadística y cálculo
_9175611
901 _aBK
942 _cFOLL
942 _n0
999 _c107800
_d107800